000
00299nam a22001217a 4500
020
_a
0582022479
082
_a
620.00151535 FAG
100
_a
Fagan, M.J
_9
69224
245
_a
Finite element analysis , theory and practice
260
_a
MALAYSIA
_b
LONGMAN
_c
1992
300
_a
XIX, 316P
942
_c
BK
999
_c
576596
_d
576596